Stolice Świata - Jedna Minuta Sprint - Statystyki

Ogólne statystyki
  • Ten quiz został rozwiązany 874 razy
  • Średni wynik to 19 z 196
Statystyki odpowiedzi
Kraj Stolica % Poprawnych
Polska Warszawa
78%
Francja Paryż
68%
Niemcy Berlin
58%
Hiszpania Madryt
57%
Czechy Praga
56%
Austria Wiedeń
54%
Bialorus Mińsk
53%
Albania Tirana
53%
Andora Andora
48%
Belgia Bruksela
48%
Wielka Brytania Londyn
44%
Rosja Moskwa
44%
Finlandia Helsinki
43%
Estonia Tallinn
42%
Grecja Ateny
38%
Norwegia Oslo
38%
Dania Kopenhaga
37%
Bulgaria Sofia
36%
Chorwacja Zagrzeb
36%
Wlochy Rzym
35%
Holandia Amsterdam
34%
Bosnia i Hercegowina Sarajewo
34%
Stany Zjednoczone Waszyngton, D.C.
33%
Litwa Wilno
33%
Irlandia Dublin
32%
Chiny Pekin
30%
Japonia Tokio
30%
Portugalia Lizbona
29%
Lotwa Ryga
29%
Ukraina Kijów
27%
Czarnogóra Podgorica
21%
Szwecja Sztokholm
21%
Kanada Ottawa
20%
Slowacja Bratysława
19%
Brazylia Brasília
18%
Meksyk Meksyk
18%
Peru Lima
16%
Kosowo Prisztina
16%
Watykan Watykan
15%
Wegry Budapeszt
14%
Monako Monako
14%
Liechtenstein Vaduz
14%
Rumunia Bukareszt
13%
Serbia Belgrad
12%
Egipt Kair
12%
Luksemburg Luksemburg
12%
Indie Nowe Delhi
12%
San Marino San Marino
12%
Szwajcaria Berno
11%
Afganistan Kabul
11%
Korea Poludniowa Seul
11%
Turcja Ankara
10%
Argentyna Buenos Aires
10%
Australia Canberra
10%
Moldawia Kiszyniów
10%
Islandia Reykjavík
10%
Macedonia Skopje
10%
Malta Valletta
10%
Boliwia La Paz / Sucre
9%
Azerbejdzan Baku
8%
Armenia Erywań
8%
Slowenia Lublana
8%
Arabia Saudyjska Rijad
8%
Cypr Nikozja
7%
Chile Santiago
7%
Algieria Algier
6%
Kolumbia Bogota
6%
Wenezuela Caracas
6%
Urugwaj Montevideo
6%
Irak Bagdad
5%
Bangladesz Dhaka
5%
Filipiny Manila
5%
Gruzja Tbilisi
5%
Iran Teheran
5%
Kazachstan Astana
4%
Indonezja Dżakarta
4%
Panama Panama
4%
Republika Poludniowej Afryki Pretoria / Kapsztad / Bloemfontein
4%
Ekwador Quito
4%
Jemen Sana
4%
Bhutan Thimphu
4%
Tunezja Tunis
4%
Zjednoczone Emiraty Arabskie Abu Zabi
3%
Katar Ad-Dauha
3%
Ghana Akra
3%
Paragwaj Asunción
3%
Brunei Bandar Seri Begawan
3%
Timor-Leste Dili
3%
Dzibuti Dżibuti
3%
Izrael Jerozolima
3%
Sri Lanka Kolombo
3%
Togo Lomé
3%
Bahrajn Manama
3%
Maroko Rabat
3%
Mongolia Ułan Bator
3%
Nowa Zelandia Wellington
3%
Nigeria Abudża
2%
Etiopia Addis Abeba
2%
Jordania Amman
2%
Samoa Apia
2%
Tajlandia Bangkok
2%
Senegal Dakar
2%
Sudan Poludniowy Dżuba
2%
Gwatemala Gwatemala
2%
Wietnam Hanoi
2%
Kuba Hawana
2%
Jamajka Kingston
2%
Saint Vincent i Grenadyny Kingstown
2%
Demokratyczna Republika Konga Kinszasa
2%
Kuwejt Kuwejt
2%
Angola Luanda
2%
Malediwy Male
2%
Kenia Nairobi
2%
Palau Ngerulmud
2%
Surinam Paramaribo
2%
Korea Pólnocna Pjongjang
2%
Antigua i Barbuda Saint John’s
2%
Kostaryka San José
2%
Wyspy Swietego Tomasza i Ksiazeca São Tomé
2%
Fidzi Suva
2%
Tajwan Tajpej
2%
Libia Trypolis
2%
Nauru Yaren
2%
Erytrea Asmara
1%
Mali Bamako
1%
Gambia Bandżul
1%
Liban Bejrut
1%
Belize Belmopan
1%
Kirgistan Biszkek
1%
Sudan Chartum
1%
Syria Damaszek
1%
Tanzania Dodoma
1%
Sierra Leone Freetown
1%
Tuvalu Funafuti
1%
Botswana Gaborone
1%
Gujana Georgetown
1%
Zimbabwe Harare
1%
Wyspy Salomona Honiara
1%
Pakistan Islamabad
1%
Kamerun Jaunde
1%
Nepal Katmandu
1%
Malezja Kuala Lumpur
1%
Zambia Lusaka
1%
Nikaragua Managua
1%
Mozambik Maputo
1%
Oman Maskat
1%
Somalia Mogadiszu
1%
Komory Moroni
1%
Bahamy Nassau
1%
Mauretania Nawakszut
1%
Mjanma Naypyidaw
1%
Czad Ndżamena
1%
Niger Niamey
1%
Tonga Nuku'alofa
1%
Mikronezja Palikir
1%
Trynidad i Tobago Port-of-Spain
1%
Benin Porto-Novo
1%
Vanuatu Port Vila
1%
Cabo Verde Praia
1%
Grenada Saint George's
1%
Salwador San Salvador
1%
Singapur Singapur
1%
Kiribati Tarawa
1%
Uzbekistan Taszkent
1%
Honduras Tegucigalpa
1%
Seszele Victoria
1%
Namibia Windhuk
1%
Madagaskar Antananarywa
0%
Turkmenistan Aszchabad
0%
Republika Srodkowoafrykanska Bangi
0%
Saint Kitts i Nevis Basseterre
0%
Gwinea Bissau Bissau
0%
Kongo Brazzaville
0%
Barbados Bridgetown
0%
Burundi Bużumbura
0%
Saint Lucia Castries
0%
Tadzykistan Duszanbe
0%
Wybrzeze Kosci Sloniowej Jamusukro
0%
Uganda Kampala
0%
Rwanda Kigali
0%
Gwinea Konakry
0%
Gabon Libreville
0%
Malawi Lilongwe
0%
Wyspy Marshalla Majuro
0%
Gwinea Równikowa Malabo
0%
Lesotho Maseru
0%
Suazi Mbabane
0%
Liberia Monrovia
0%
Kambodza Phnom Penh
0%
Haiti Port-au-Prince
0%
Mauritius Port Louis
0%
Papua-Nowa Gwinea Port Moresby
0%
Dominika Roseau
0%
Dominikana Santo Domingo
0%
Burkina Faso Wagadugu
0%
Laos Wientian
0%
Nie znaleziono quizów pasujących do podanych kryteriów
Rozkład punktacji
Procent ludzi z każdym wynikiem
Percentyl według liczby udzielonych odpowiedzi
Twoja historia wyników
Nie rozwiązałeś tego quizu